000 00482nam a2200193Ia 4500
005 20250423101230.0
008 250422s9999 xx 000 0 und d
020 _a0080275478
050 _aPN 1992.62 .L54/
100 _aLiebert, Robert M.
245 4 _aThe early window : effects of television on children and youth
250 _a2nd ed.
260 _aNew York
260 _bPergamon Press
260 _cc1982
300 _a257 p
650 _aTelevision;
942 _cBK
999 _c35689
_d35689